|
|
|
|
| LEADER |
00913nam a2200241 a 4500 |
| 001 |
13997811 |
| 008 |
120627s2002 enk j 000 f eng d |
| 010 |
|
|
|a 2005277330
|
| 020 |
|
|
|a 0521752299
|
| 020 |
|
|
|a 9780521752299
|
| 035 |
|
|
|a (OCoLC)ocm48534385
|
| 040 |
|
|
|a UKM
|c UKM
|d OCLCQ
|d BAKER
|d DLC
|d BD-DhAAL
|
| 082 |
0 |
4 |
|a 428.6
|2 21
|
| 100 |
1 |
|
|a Rose, Gerald.
|
| 245 |
1 |
0 |
|a Who's stealing the fish? /
|c Gerald Rose.
|
| 260 |
|
|
|a Cambridge :
|b Cambridge University Press,
|c 2002.
|
| 300 |
|
|
|a 24 p. ;
|c 23 cm.
|
| 541 |
1 |
|
|e 00025486
|
| 655 |
|
7 |
|a Readers (Elementary)
|2 lcsh
|
| 655 |
|
7 |
|a Children's stories.
|2 lcsh
|
| 852 |
1 |
|
|a Ayesha Abed library
|c General Shelf
|
| 999 |
|
|
|c 12449
|d 12449
|
| 952 |
|
|
|0 0
|1 0
|2 ddc
|4 0
|6 428_600000000000000_ROS
|7 0
|9 20600
|a BRACUL
|b BRACUL
|c GEN
|d 2012-07-02
|e Karim International
|g 623.50
|l 2
|o 428.6 ROS
|p 3010025486
|r 2024-12-12
|s 2024-12-03
|t 1
|w 2012-07-02
|y BK
|x Transferred from BIL to BRACUL on 06/06/22
|